| 000 | 00683nam a2200229 4500 | ||
|---|---|---|---|
| 003 | OSt | ||
| 005 | 20240613020255.0 | ||
| 006 | a | ||
| 008 | 240613b |||||||| |||| 00| 0 eng d | ||
| 020 | _a9789810696177 | ||
| 040 |
_aDWCL-Main lib. _cOC |
||
| 082 |
_2Ninth edition _aCirc. 005.1 S054s 2011 |
||
| 100 | _aSommerville , Ian | ||
| 245 | _aSoftware engineering / | ||
| 250 | _aNinth edition | ||
| 260 |
_aSingapore : _bPearson Education South Asia, _cc2011. |
||
| 300 |
_avii, _b773 p. : ill. col. ; _c23 cm. |
||
| 504 | _aIncludes glossary and indexes. | ||
| 650 | _a1. Software engineering. | ||
| 700 | _aIan Sommerville | ||
| 942 |
_2ddc _n0 _cBK-CIRC _eNinth edition _kCirc. |
||
| 999 |
_c592 _d592 |
||